000 00721nam a2200265Ia 4500
005 20260121161430.0
008 008 260114s9999 xx 000 0 eng d
020 _a9781003426073
037 _aEBOOK
040 _aCRL
040 _beng
040 _cCRL
041 _2eng
041 _aeng
084 _qCRL
100 _aExplainable Artificial Intelligence (XAI) in Healthcare
_91044695
245 0 _aUtku Kose; Nilgun Sengoz; Xi Chen; Jose Antonio Marmolejo Saucedo
260 _bTaylor and Francis
260 _c2024
650 _aAlgorithms & Complexity
_91044696
856 _uhttp://www.taylorfrancis.com/books/9781003426073
942 _cEBOOK
999 _c1610755
_d1610755